=LDR 00000nam 2200000 4500 =001 INLIS000000000040670 =005 20130612150230 =008 ***********************************ind** =035 ##$$0010-061300000040670 =041 ##$$a ind =082 ##$$a 813 =090 ##$$a 813, Les p.1 =100 ##$$a LESTARI, V =245 ##$$a Pelukan yang dingin, V Lestari =260 ##$$a 2010 $b jakarta =300 ##$$a 624 Hlm, 18 cm =650 ##$$a FIKSI =850 ##$$a NBPNMAT =990 ##$$a 94043/BPAP-NTB/2014 =990 ##$$a 0362/BPAP-NTB/2016